header

The Coleridge connection (Record no. 93286)

MARC details
000 -LEADER
fixed length control field 01449nam a2200313 a 4500
245 04 - TITLE STATEMENT
Title The Coleridge connection
260 ## - PUBLICATION, DISTRIBUTION, ETC. (IMPRINT)
Place of publication Tirril [England] :
Name of publisher Humanities-Ebooks,
Year of publication 2007.
300 ## - PHYSICAL DESCRIPTION
Number of Pages 319 p. :
Other physical details port.
500 ## - GENERAL NOTE
General note "First published in 1990 by Macmillan."
505 0# - FORMATTED CONTENTS NOTE
Formatted contents note pt. 1. The sometimes Jacobin? -- pt. 2. Friend and ventriloquist -- pt. 3. The German connection -- pt. 4. The American connection -- pt. 5. Sage and evangelist.
700 1# - ADDED ENTRY--PERSONAL NAME
Personal name McFarland, Thomas,
Personal name Gravil, Richard.
Personal name Lefebure, Molly.
856 40 - ELECTRONIC LOCATION AND ACCESS
Uniform Resource Identifier http://site.ebrary.com/lib/rucke/Doc?id=10567295

No items available.

© 2026 Rongo University
Contact us: librarian | system librarian | Rongo university